| 000 | 00737nam a22002057a 4500 | ||
|---|---|---|---|
| 003 | NUST - PNEC | ||
| 005 | 20170116181206.0 | ||
| 008 | 161122b xxu||||| |||| 00| 0 eng d | ||
| 020 | _a9789381714850 | ||
| 040 | _cPNEC | ||
| 082 | _a621.3815 SUD | ||
| 100 |
_916864 _a Sudhakar Anil |
||
| 245 |
_aThe Linear and Digital Integrated Circuits Design Primer _cAnil Sudhakar |
||
| 260 |
_aNew Dehli _bScientific International Pvt Ltd _cc.2014 |
||
| 300 |
_a157p: _bill _c22 cm |
||
| 500 | _ahttps://www.amazon.com/Linear-Digital-Integrated-Circuits-Design/dp/9381714851/ref=sr_1_1?ie=UTF8&qid=1479792360&sr=8-1&keywords=9789381714850 | ||
| 630 | _xEL. EE | ||
| 650 | _xIntegrated circuits--Design and construction | ||
| 942 |
_2ddc _cBK |
||
| 999 |
_c71657 _d71657 |
||